1173 1649 1843 1771 1357 1660 1097 1803 1345 1830 1601 1673 1232 1318 1260 1903 1001 1272 1491 1466 1925 1770 1294 1565 1191 1159 1052 1584 1880 1086 1389 1574 1541 1234 1889 1880 1826 1836 1221 1759 1795 1205 1750 1132 1690 1771 1208 1469 1191 1781 1403 1894 1309 1348 1130 1944 1024 1773 1937 1404 1124 1706 1520 1081 1878 1792 1523 1509 1415 1363 1964 1470 1455 1762 1148 1018 1342 1605 1899 1573 1548 1055 1050 1904 1421 1010 1573 1372 1724 1420 1301 1145 1161 1505 1435 1836 1443 1055 1456 BCNSPRNW ULIB Ver.6.0+V

เปลี่ยนเป็นภาษาไทย

Change to English
 แสดงรายละเอียดบรรณานุกรม
  กลับหน้าหลัก

Brief Record : Get Marc (ISO 2709) : E-mail record : QR code < ปิดหน้าต่าง
LEADER : 00000nam 2200000uu 4500
001    13399112102
003     ULIB
008    110726s2542||||th 000 0 tha d
020    9746619896
060 04 WA20.5^bพ721ก 2542
100 0  พิพัฒน์ ลักษมีจรัลกุล
245 10 กระบวนการวิจัยทางวิทยาศาสตร์สุขภาพ :^bตัวอย่างงานวิจัยเน้นด้านโรคติดเชื้อ = Research process in health science /^cพิพัฒน์ ลักษมีจรัลกุล
246 31 Research process in health science
260    กรุงเทพฯ :^bเจริญดีการพิมพ์,^c2542
300    202 หน้า
650  4 กระบวนการวิจัย
650  4 วิทยาศาสตร์สุขภาพ^xวิจัย
945    ^p0^l0^i011818
995    ทศพร
999 ^a ทศพร
รายการนี้ยังไม่มีแท็ก
คุณยังไม่ได้ล็อกอิน คุณสามารถมีกิจกรรมร่วมกับเว็บไซต์ได้ แต่ต้องล็อกอินก่อน ::
  ล็อกอิน

รายการสื่อสารสนเทศ

ลำดับที่ ประเภท เลขเรียก/บาร์โค้ด สถานที่ สถานะ
- ไม่พบข้อมูล -

รายการใกล้เคียง
    ผู้แต่ง [พิพัฒน์ ลักษมีจรัลกุล]

    หัวเรื่อง [กระบวนการวิจัย]

BibComment


ยังไม่เคยถูกคอมเมนท์

คอมเมนท์ทรัพยากรรายการนี้
  คอมเมนท์: กระบวนการวิจัยทาง..


 Copyright 2026. Bcnsprnw @Library